Evaluación comparativa de la remoción del diésel contenido en suelo contaminado empleado biodegradación natural, bioestimulación con lactosuero y activador enzimático comercial

Presenta evaluación comparativa de tres distintas tecnologías de biorremediación de suelo contaminados con diésel con el propósito de determinar la eficiencia de dichas tecnologías en función de remoción del contaminante de suelo tratado. Para efectos del estudio se emplea las técnicas de...

Full description

Bibliographic Details
Main Authors: Reyes Altamirano, Bianka Rosa, Sánchez Aldana, Jesbelly Yislenn
Other Authors: Tutor: Ramírez Meza, Javier Enrique
Format: Tesis Section = Libro
Language:Undetermined
Spanish
Published: Managua UNI 2019
Subjects:
LEADER 01431nam a2200277Ia 4500
008 240830s9999 xx 000 0 und d
040 |a CEDOC DACA-RUSB / Mon 363.7396 R457 
041 |a spa 
082 |a Mon 363.7396 R457 
100 1 |a Reyes Altamirano, Bianka Rosa 
100 1 |b Sánchez Aldana, Jesbelly Yislenn 
245 1 0 |a Evaluación comparativa de la remoción del diésel contenido en suelo contaminado empleado biodegradación natural, bioestimulación con lactosuero y activador enzimático comercial 
260 |a Managua  |b UNI  |c 2019 
300 |a 81 p.:il. 
500 |a Contiene: anexos y CD. 
502 |a Tesis (Ingeniero Químico) -UNI, 2019. 
520 3 |a Presenta evaluación comparativa de tres distintas tecnologías de biorremediación de suelo contaminados con diésel con el propósito de determinar la eficiencia de dichas tecnologías en función de remoción del contaminante de suelo tratado. Para efectos del estudio se emplea las técnicas de bioestimulación por agregación de lacto suelo (BLS), bioestimulación por agregación de un activador enzimático comercial (BDAE) y biodegradación natural. 
650 7 |a CONTAMINACION DE LOS SUELOS 
650 7 |b  COMBUSTIBLE DIESEL 
650 7 |c  RESIDUOS DE PETROLEO 
650 7 |d  REMOCION 
650 7 |e  LACTO SUERO 
700 1 |a Tutor:  |b Ramírez Meza, Javier Enrique 
942 |c BK  |2 ddc 
991 |a TESIS 
999 |c 26062